000 02300cam a2200589 a 4500
001 ocm50604744
003 OCoLC
005 20200320192736.0
008 020814s2003 nyua a 000 1 eng
010 _a 2002012838
020 _a0805069763 (hc : alk. paper)
020 _a9780805069761 (hc : alk. paper)
020 _c15.00
029 1 _aNZ1
_b7178217
029 1 _aAU@
_b000024085626
029 1 _aAU@
_b000044664393
029 1 _aAU@
_b000046381664
029 1 _aAU@
_b000046451776
035 _a(OCoLC)50604744
040 _aDLC
_beng
_cDLC
_dIG#
_dOCL
_dBAKER
_dBTCTA
_dJBO
_dCQU
_dYDXCP
_dOCLCF
_dWACOL
042 _alcac
049 _aWACL
050 0 0 _aPZ8.3.W698
_bNap 2003
082 1 4 _a[E]
_221
092 _aE
_bWil
100 1 _aWilson, Sarah,
_d1934-
_95890987
245 1 2 _aA nap in a lap /
_cSarah Wilson ; illustrated by Akemi Gutierrez.
250 _a1st ed.
260 _aNew York :
_bH. Holt,
_cc2003.
300 _a1 v. (unpaged) :
_bcol. ill. ;
_c24 cm.
520 _aBaby animals nap in interesting places, but a tired little girl and her puppy like to nap in a lap.
521 _aChildrens
_b, gift
650 1 _aNaps (Sleep)
_vFiction.
_95686122
650 1 _aStories in rhyme.
_9100128
650 0 _aNaps (Sleep)
_vJuvenile fiction.
_95691635
650 0 _aStories in rhyme
_vJuvenile fiction.
_95689358
650 7 _aNaps (Sleep)
_2fast
_0(OCoLC)fst01032720
_995576
650 7 _aStories in rhyme.
_2fast
_0(OCoLC)fst01739131
_9100128
655 7 _aFiction.
_2fast
_0(OCoLC)fst01423787
_95673940
655 7 _aJuvenile works.
_2fast
_0(OCoLC)fst01411637
_95673941
700 1 _aGutierrez, Akemi,
_eill.
_95890988
856 4 2 _3Contributor biographical information
_uhttp://catdir.loc.gov/catdir/bios/hol053/2002012838.html
856 4 2 _3Publisher description
_uhttp://catdir.loc.gov/catdir/description/hol041/2002012838.html
938 _aBaker & Taylor
_bBKTY
_c15.95
_d15.95
_i0805069763
_n0004083962
_sactive
938 _aBaker and Taylor
_bBTCP
_n2002012838
938 _aIngram
_bINGR
_n0805069763
938 _aYBP Library Services
_bYANK
_n8139796
942 _cBOOK
_012
948 _a09/04/2014
_b09/05/2014
_zSirsi
994 _a02
_bWACOL
996 _a111644
_b34301001381971
_cE
_dbk
_ewcl
_fi
_g12
_h15.00
_lgift
_mWils
_p09/05/2014
_q01/30/2018
_r01/26/2018
999 _c284485
_d284485